Ernesto Gonzalez : los poetas (Registro nro. 142884)

Detalles MARC
001 - NÚMERO DE CONTROL
campo de control 583517
005 - FECHA Y HORA DE LA ÚLTIMA TRANSACCIÓN
campo de control 20240713090134.0
008 - DATOS DE LONGITUD FIJA--INFORMACIÓN GENERAL
campo de control de longitud fija 000310e19500401 spa
035 ## - NÚMERO DE CONTROL DEL SISTEMA
Número de control de sistema 583517
035 ## - NÚMERO DE CONTROL DEL SISTEMA
Número de control de sistema (OCoLC)819823677
040 ## - FUENTE DE LA CATALOGACIÓN
Centro/agencia transcriptor comduadb
041 ## - CÓDIGO DE LENGUA
Código de lengua del texto/banda sonora o título independiente spa
100 10 - ENTRADA PRINCIPAL--NOMBRE DE PERSONA
Nombre de persona Pelaez Posada, Miguel A.
Código de función aut
Término indicativo de función/relación Autor/a
9 (RLIN) 501161
245 10 - MENCIÓN DE TÍTULO
Título Ernesto Gonzalez : los poetas
650 #7 - PUNTO DE ACCESO ADICIONAL DE MATERIA--TÉRMINO DE MATERIA
Término de materia o nombre geográfico como elemento de entrada Poetas antioqueños
Fuente del encabezamiento o término lemb
9 (RLIN) 475
773 0# - ENLACE AL DOCUMENTO FUENTE/ENTRADA DE REGISTRO ANFITRIÓN
Título Letras Universitarias (Medellín)
Parte(s) relacionada(s) Letras Universitarias. Medellín No. 20-36 (Medellin), No. 22, Abr. 1950, p. 11,23.
Número de control del registro 580815
Número bibliográfico anfitrión 147267
942 ## - ELEMENTOS DE ENTRADA AGREGADA (KOHA)
Tipo de ítem Koha Artículo de Revista

No hay ítems disponibles.